00508nam a2200157Ia 450000500170000000800410001708200230005824500130008126000420009430000110013650000530014770000300020094200060023095200990023699900150033520250306235858.0240331s9999 xx 000 0 und d bUNN25440a894.811 0aUnnatham bAalaththur Anchal Kavunthappadic1994 a60 p., aA collection of short stories, poems and essays. aGouthamasitharththaneedt cL 001040708LaWERCLbWERCLcSSCd2024-03-31l0o 894.811 UNNp5440r2024-03-31w2024-03-31yL c4219d4219